000 00743nam a22002177a 4500
999 _c20931
_d20931
003 AR-CdUCM
008 190417b ||||| |||| 00| 0 spa d
040 _aMUNICIPALIDAD PROVINCIAL DEL CUSCO
_cBIBLIOTECA MUNICIPAL DEL CUSCO
082 _aEP / 800 /
_bP48
100 _aPetersham, Miska
_929336
245 _aEl libro de la vivienda /
260 _aBarcelona :
_bJuventud,
300 _bIlustraciones,
_c21 cm.
500 _aTexto si numeración de páginas.
505 _aContenido : Los habitantes de las cavernas -- Los habitantes de los lagos -- La casita en el árbol...
650 _aLiteratura infantil
_9588
650 _aHistoria de evolución social
_943667
700 _aMaud
_943668
942 _2ddc
_cLIBROS
945 _arcc